| 000 | 00576nam a22001697a 4500 | ||
|---|---|---|---|
| 999 |
_c342477 _d342477 |
||
| 003 | NUST | ||
| 005 | 20171228102232.0 | ||
| 008 | 171228b xxu||||| |||| 00| 0 eng d | ||
| 040 | _c0 | ||
| 082 | _a297.122 QUD | ||
| 245 |
_aوَمَنْ يَقْنُتْ , Wa Manyaqnut _cQudratullah Company _bPara no 22. |
||
| 260 |
_aLahore _bQudratullah Company _c2011 |
||
| 300 | _a64p. | ||
| 500 | _aP.B | ||
| 942 |
_2ddc _cBK _kIESE |
||